[Event "Bad Woerishofen op"]
[Site "Bad Woerishofen"]
[Date "2001.??.??"]
[Round "4"]
[White "Straub, Peter"]
[Black "Poehler, Margit"]
[Result "1-0"]
[WhiteElo "2068"]
[BlackElo "1780"]
[Annotator "ChessOrg"]
[PlyCount "101"]
[EventDate "1998.03.05"]
[Source "ChessBase"]
[SourceDate "1998.04.29"]

1. e4 {B06: Moderne Verteidigung} 1... d6 2. d4 g6 3. Bd3 Bg7 4. Ne2 4... e5 {
letzter Buchzug} 5. dxe5 dxe5 6. Nbc3 c6 7. Be3 Ne7 8. f3 Be6 9. g4 (9. O-O
9... Nd7 $11) 9... Nd7 10. Ng3 Qa5 11. a3 Nc5 12. Be2 Na4 13. Bd2 (13. b4 Nxc3
14. bxa5 Nxd1 15. Rxd1 15... O-O $11) 13... Nxb2 14. Qc1 (14. Qb1 14... Qb6 $15
) 14... Nc4 $17 15. Bxc4 Bxc4 16. Nd5 Qd8 17. Ne3 Be6 18. Rb1 b6 19. h4 h5 20.
gxh5 gxh5 21. Ng2 Qd7 22. Kf2 O-O-O 23. Be3 f5 24. exf5 Nxf5 25. Nxf5 Bxf5 26.
Bg5 Qd4+ (26... Rdf8 $5 $17) 27. Ne3 Rdf8 28. Rb4 Qd7 29. Rd1 Qf7 (29... Qe6
30. Rg1 $17) 30. Nc4 Kc7 31. Qd2 Qe6 32. Kg1 (32. Nd6 $142 32... Bg4 33. Rb3
$19) 32... e4 $4 (32... Rhg8 $17 $142) 33. Qh2+ Kb7 34. Rd6 Qf7 35. Na5+ Ka8
36. Nxc6 Qa2 (36... exf3 37. Ra4 f2+ 38. Qxf2 $16) 37. Rd1 (37. fxe4 $4 37...
Qa1+ 38. Kf2 Bd7+ 39. Bf4 Bxc6 40. Rxc6 40... Be5 $19) 37... Rc8 (37... exf3
$143 38. Ra4 Rf7 39. Bd8 f2+ 40. Kf1 $16) 38. Qd6 Bf8 (38... exf3 $5 $142 39.
Ra4 f2+ 40. Kh1 Be4+ 41. Rxe4 41... Qxc2 $15) 39. Ra4 $14 39... a5 40. Ne7 (40.
Qd4 Rxc6 (40... Qxc2 $4 41. Rxa5+ Kb7 42. Ra7+ Kxc6 43. Qd5#) 41. Qxh8 41...
Rc8 $11) 40... Bxe7 $11 (40... exf3 $4 41. Qxb6 f2+ 42. Kh2 f1=N+ 43. Kg1 Qd5
44. Rxd5 Bd3 45. Raxa5+ Ba6 46. Rxa6#) 41. Rxa5+ 41... Kb7 $2 (41... bxa5 42.
Qa6+) 42. Qxe7+ $18 42... Rc7 43. Ra7+ Kxa7 44. Qxc7+ Ka6 45. Qe5 (45. Be3 Rg8+
46. Kh2 46... Rg6 $18) 45... Qxc2 $4 (45... Rf8 $142 46. Qd6 46... Rg8 $14) 46.
Rc1 $18 46... Qa2 (46... Qe2 47. Qxh8 (47. Qxf5 $6 47... exf3 48. Rc2 Qd1+ 49.
Kf2 49... Re8 $18) 47... exf3 48. Qa8+ Kb5 49. Qc6+ Ka6 50. Qc4+ Kb7 51. Qxe2
fxe2 52. Kf2 $18) 47. Qxh8 Bh3 (47... Qd5 $18) 48. Qa8+ Kb5 49. Qc6+ (49. a4+
Qxa4 50. Qc6+ Ka5 51. Bd2+ Ka6 52. Qxa4+ Kb7 53. Qc6+ Ka7 54. Ra1+ Kb8 55. Ra8#
) 49... Ka5 (49... Ka6 50. Qa4+ Kb7 51. Qxe4+ Ka6 52. Qa8+ Kb5 53. a4+ Qxa4 54.
Qc6+ Ka5 55. Bd2+ Ka6 56. Qxa4+ Kb7 57. Qc6+ Ka7 58. Ra1+ Kb8 59. Ra8#) 50.
Qc3+ (50. Rc5+ $1 50... bxc5 51. Bd8#) 50... Ka4 (50... Ka6 51. Rc2 51... Qe6
$18) 51. Qb4# 1-0

[Event "Bad Woerishofen op"]
[Site "Bad Woerishofen"]
[Date "2001.??.??"]
[Round "6"]
[White "Straub, Peter"]
[Black "Zunker, Reinhard"]
[Result "1-0"]
[WhiteElo "2068"]
[BlackElo "2234"]
[Annotator "ChessOrg"]
[PlyCount "65"]
[EventDate "1998.03.05"]
[Source "ChessBase"]
[SourceDate "1998.04.29"]

1. e4 {B07: Pirc-Ufimzew-Verteidigung} 1... d6 2. d4 Nf6 3. Bd3 g6 4. Ne2 e5 5.
d5 c6 6. c4 Na6 7. Nbc3 Bg7 8. O-O {letzter Buchzug} 8... O-O 9. h3 cxd5 10.
cxd5 Nc5 11. Bc2 a5 12. Be3 b6 13. a3 Ne8 14. b4 Nd7 15. Qd2 f5 16. exf5 gxf5
17. f4 Ba6 (17... e4 18. Rfe1 $11) 18. b5 $16 18... Bb7 (18... Bc8 19. fxe5
Nxe5 20. Bb3 $16) 19. fxe5 Nxe5 (19... dxe5 20. Bxf5 Nd6 21. Be6+ Kh8 22. Na4
$18) 20. Bxf5 $18 20... Bc8 21. Bd3 Nf6 22. Rac1 Bb7 (22... Nfd7 23. Rxf8+ Qxf8
24. Rf1 $18) 23. Bg5 (23. Nf4 23... Nfd7 $18) 23... Nxd3 24. Qxd3 Qe8 (24... h6
25. Bh4 Qe8 26. Ng3 $18) 25. Bf4 (25. Bxf6 $5 25... Rxf6 26. Rxf6 26... Bxf6
$18) 25... Rf7 (25... Rd8 26. a4 $18) 26. Ng3 (26. Bxd6 $6 26... Rd7 27. Bg3
Nxd5 28. Nxd5 28... Rxd5 $16) 26... Qd7 27. Nf5 (27. Be3 27... Raf8 $18) 27...
Nh5 (27... Ne4 $142 28. Nxg7 28... Nxc3 $18) 28. Nh6+ Bxh6 29. Bxh6 Re8 30.
Rxf7 (30. Be3 Ng3 31. Rf2 31... Rg7 $18) 30... Qxf7 31. Rf1 Qg6 32. Qf3 Qxh6 (
32... Kh8 33. Qf7 33... Rc8 $18) 33. Qf7+ (33. Qf7+ Kh8 34. Qxe8+ Kg7 35. Rf7+
Kg6 36. Qe6+ Nf6 37. Qxf6+ Kh5 38. g4#) 1-0

[Event "Bad Woerishofen op"]
[Site "Bad Woerishofen"]
[Date "2001.??.??"]
[Round "8"]
[White "Straub, Peter"]
[Black "Krajewski, Wolfgang"]
[Result "1/2-1/2"]
[WhiteElo "2068"]
[BlackElo "2199"]
[Annotator "ChessOrg"]
[PlyCount "109"]
[EventDate "1998.03.05"]
[Source "ChessBase"]
[SourceDate "1998.04.29"]

1. e4 {B12: Caro-Kann (Vorstoss-Variante)} 1... c6 2. d4 d5 3. e5 Bf5 4. g4 Be4
5. f3 Bg6 6. Ne2 e6 7. Be3 {letzter Buchzug} 7... Nd7 8. h4 h5 9. Nf4 Ne7 10.
Nxg6 (10. Nc3 hxg4 11. fxg4 11... Qb6 $11) 10... Nxg6 $15 11. g5 Ne7 12. Nc3 g6
13. Bd3 c5 14. dxc5 Nc6 15. Bb5 Bxc5 16. Bxc5 Nxc5 17. Qe2 a6 18. Qf2 Qe7 19.
Be2 (19. Bxc6+ $5 19... bxc6 20. O-O-O $11) 19... Rc8 (19... d4 $5 20. Nb1
20... Nb4 $17 (20... Nxe5 21. Qxd4 Qc7 22. f4 $16)) 20. a3 $15 20... Nd7 (20...
d4 21. Na2 $11) 21. f4 $11 21... Na5 22. Qd4 Nc6 23. Qd2 Qc5 24. O-O-O Nb6 25.
Kb1 Na5 26. Qd4 Nac4 27. Qxc5 Rxc5 28. Rh3 Ke7 29. Ka2 Rhc8 30. Rdd3 Nd7 31.
Bf1 b5 32. b3 Ncb6 33. Kb2 R5c7 34. Rd4 Nb8 35. Rdd3 Nc6 36. Ne2 a5 37. Nd4 $4
(37. Nc3 $142 37... Na7 38. Rd2 $11) 37... Nxd4 $19 38. Rxd4 (38. c3 Nf5 39.
Rd2 $19) 38... Nd7 (38... Rxc2+ 39. Kb1 Rc1+ 40. Kb2 R8c2#) 39. Rh2 $14 39...
Rc3 (39... Rb8 40. Rhd2 $11) 40. Rd3 (40. Bxb5 $5 $142 40... Rf3 41. Be2 $16)
40... Rxd3 $11 41. cxd3 Nc5 (41... b4 42. axb4 axb4 43. Rd2 $11) 42. Rd2 (42.
d4 42... Ne4 $16) 42... b4 43. axb4 axb4 44. Be2 Ra8 45. Rc2 Ra5 46. Rc1 Kd7
47. Bf1 Nb7 48. d4 Nd8 49. Ra1 Rxa1 50. Kxa1 Kc6 51. Kb2 Kb6 52. Kc2 Nc6 53.
Kd3 Ka5 54. Ke3 Ne7 55. Bd3 1/2-1/2

[Event "Bad Woerishofen op"]
[Site "Bad Woerishofen"]
[Date "2001.??.??"]
[Round "2"]
[White "Stumpf, Heinz"]
[Black "Lechner, Otto"]
[Result "1-0"]
[WhiteElo "2245"]
[BlackElo "1810"]
[Annotator "ChessOrg"]
[PlyCount "83"]
[EventDate "1998.03.05"]
[Source "ChessBase"]
[SourceDate "1998.04.29"]

1. d4 {A43: Alt-Benoni} 1... Nf6 2. Nf3 c5 3. d5 e6 4. Nc3 exd5 5. Nxd5 Nxd5 6.
Qxd5 Be7 7. Bf4 {letzter Buchzug} 7... Nc6 8. O-O-O O-O 9. e3 (9. e4 Nb4 10.
Qb3 10... a6 $14) 9... a6 (9... Nb4 $5 $142 10. Qb3 10... d5 $11) 10. Qh5 b5
11. Bd3 g6 12. Qh6 d5 (12... Re8 13. Ng5 Bxg5 14. Bxg5 14... Ne7 $18) 13. h4
$18 13... Ra7 14. h5 Bf6 15. Ng5 Bxg5 16. Bxg5 (16. Qxg5 $6 16... Qxg5 17. Bxg5
17... Nb4 $14) 16... Qd6 17. Be4 $1 17... d4 18. exd4 (18. Bf4 18... Ne5 $18)
18... cxd4 19. Bf4 Qe6 20. Bxc6 Qxc6 21. Be5 f6 22. Bxd4 Bf5 23. Rd2 Rd7 24.
hxg6 Bxg6 25. Qf4 Rfd8 26. c3 (26. Rh6 Re7 27. b4 27... Red7 $14) 26... Qe6 (
26... b4 27. Rhd1 Qa4 28. Qxf6 Rxd4 29. Qxd8+ Rxd8 30. Rxd8+ Kg7 31. R1d7+
31... Kh6 $19) 27. b3 b4 (27... Qc6 28. Qe3 28... Qxg2 $11) 28. Qe3 $4 (28. c4
$16 $142) 28... Qf5 $19 29. Kb2 29... Re8 $4 (29... bxc3+ $142 30. Kxc3 Re8 31.
Qxe8+ 31... Bxe8 $19) 30. Qh3 bxc3+ (30... Qf4 $5 31. Rhd1 31... Re1 $14) 31.
Qxc3 $16 31... Red8 32. Rhd1 Rd6 33. f3 Rc8 34. g4 Qd7 35. Bc5 Rxd2+ 36. Rxd2
Qc6 37. Bb4 Qe6 38. Bc5 (38. Qd4 Qe1 39. Bc3 Qb1+ 40. Ka3 40... Qf1 $16) 38...
Qc6 39. b4 (39. Bd4 $16 $142) 39... Qb5 $4 (39... a5 $14 $142) 40. Qxf6 $18
40... Re8 (40... Qe8 $18) 41. f4 Re2 (41... Rb8 42. f5 Qxc5 43. Rd8+ Rxd8 44.
bxc5 44... Rf8 $18) 42. Qf8# 1-0

[Event "Bad Woerishofen op"]
[Site "Bad Woerishofen"]
[Date "2001.??.??"]
[Round "4"]
[White "Stumpf, Heinz"]
[Black "Schmitzer, Peter"]
[Result "1-0"]
[WhiteElo "2245"]
[BlackElo "2118"]
[Annotator "ChessOrg"]
[PlyCount "63"]
[EventDate "1998.03.05"]
[Source "ChessBase"]
[SourceDate "1998.04.29"]

1. d4 {B08: Pirc-Ufimzew-Verteidigung} 1... Nf6 2. Nf3 d6 3. Nc3 g6 4. e4 Bg7
5. Be2 O-O 6. O-O Nc6 7. d5 Ne5 8. Nxe5 8... dxe5 {letzter Buchzug} 9. Be3 Ne8
10. a4 Nd6 11. f3 f5 12. exf5 Nxf5 13. Bf2 a6 14. Bc4 Nd6 15. Bb3 Qd7 16. Re1
Qf5 17. Qe2 Bd7 18. Bg3 e4 19. fxe4 Bd4+ 20. Kh1 Qg5 21. Rad1 (21. e5 Nf5 22.
Bf2 22... Kg7 $18) 21... Bxc3 (21... Bg4 $5 22. Qd2 Be3 23. Qxe3 Qxe3 24. Rxe3
24... Bxd1 $11) 22. bxc3 $16 22... Bg4 23. Qd2 Qxd2 24. Rxd2 Nxe4 (24... Kg7 $5
$16) 25. Rd4 $18 25... Nxg3+ 26. hxg3 h5 27. Rxe7 Rf1+ 28. Kh2 Kh8 (28... Kf8
29. Rxc7 Rf7 30. Rxf7+ Kxf7 31. Rb4 $18) 29. Rxc7 Re8 (29... b5 30. d6 $18) 30.
Rf4 (30. Rxb7 $4 30... Ree1 31. Rb8+ Kg7 32. Rb7+ Kh6 33. Rh7+ Kxh7 34. Rxg4
Rh1#) 30... Rd1 (30... Rxf4 31. gxf4 31... Rb8 $18) 31. Rcf7 (31. Rff7 $142
31... Rde1 32. Rh7+ Kg8 33. Rxb7 $18) 31... b5 (31... Ree1 $142 32. Rf1 Rxf1
33. Rxf1 33... Rxf1 $19) 32. d6 $4 (32. d6 Ree1 33. Rf1 Rxf1 34. Rxf1 Rxf1 35.
c4 bxa4 36. Bxa4 $19) (32. Ra7 $18 $142) 1-0

[Event "Bad Woerishofen op"]
[Site "Bad Woerishofen"]
[Date "2001.??.??"]
[Round "6"]
[White "Stumpf, Heinz"]
[Black "Rahls, Peter"]
[Result "0-1"]
[WhiteElo "2245"]
[BlackElo "2308"]
[Annotator "ChessOrg"]
[PlyCount "100"]
[EventDate "1998.03.05"]
[Source "ChessBase"]
[SourceDate "1998.04.29"]

1. d4 {A44: Alt-Benoni} 1... c5 2. d5 e5 3. e4 d6 4. Bb5+ Nd7 5. a4 5... a6 {
letzter Buchzug} 6. Be2 Be7 7. Nf3 Ngf6 8. Nc3 O-O 9. O-O Ne8 10. a5 h6 11. Nd2
Bg5 12. Nc4 g6 13. g3 Bxc1 14. Qxc1 Kh7 15. Kh1 Qe7 16. f4 exf4 17. gxf4 Rb8
18. Qe3 b5 19. axb6 Nxb6 20. Na5 Bd7 21. Bf3 (21. Bxa6 f5 22. e5 22... Nf6 $16)
21... Nf6 (21... Nc7 22. e5 $11) 22. Rae1 Rbe8 23. Qe2 Na4 24. Nxa4 Bxa4 25. e5
Ng8 26. Qd2 (26. Qxa6 $143 26... Ra8 27. Qxd6 Qxd6 28. exd6 28... Rxa5 $17)
26... Rb8 27. b3 Bb5 28. Rg1 28... Rfe8 $2 (28... Qc7 $14 $142) 29. c4 $18
29... Bd7 30. e6 $1 30... fxe6 (30... Qxe6 31. dxe6) 31. dxe6 (31. Be4 $5 31...
Rf8 32. Bxg6+ Kh8 33. dxe6 33... Bc8 $18) 31... Bxe6 $16 32. Nc6 (32. Be4 Bf7
33. Rxg6 d5 34. cxd5 Bxg6 35. Bxg6+ Kxg6 36. Qc2+ Kg7 37. Rxe7+ 37... Nxe7 $18)
32... Qb7 33. Qg2 Bf5 34. Nxb8 Qxb8 35. Be4 (35. Bh5 $1 35... Qa8 36. Rxe8 Qxe8
37. Bxg6+ Bxg6 38. f5 $16) 35... Rxe4 $14 36. Rxe4 Qxb3 37. Qe2 $4 (37. Re8
Qxc4 38. Qb7+ Kh8 39. Rge1 $16) 37... d5 (37... Qb7 $142 38. Re1 38... Nf6 $19
(38... Qxe4+ 39. Qxe4 Bxe4+ 40. Rxe4 $14) (38... Bxe4+ $6 39. Qxe4 Qf7 40. Rb1
$11)) 38. Re5 dxc4 39. Re1 (39. Rxc5 Qb7+ 40. Qg2 Be4 41. Rc7+ Qxc7 42. Qxe4
42... Ne7 $11) 39... Qb7+ 40. Kg1 c3 (40... Bd3 41. Qe3 $16) 41. Qe3 (41. Rxc5
$5 $142 41... c2 42. Qc4 $18 (42. Rxc2 $6 42... Bxc2 43. Qxc2 43... Ne7 $14))
41... c2 $16 42. Qxc5 Qg7 43. Kf2 Qf6 44. Kg3 h5 45. h4 45... Qd8 $2 (45... Kh6
$18 $142) 46. Qa7+ $4 (46. Re8 $142 46... c1=Q 47. Qxc1 $18 (47. Rxd8 $4 47...
Qxc5 48. Rde8 48... a5 $19)) 46... Kh6 47. Qxa6 Qd1 48. Qe2 $4 (48. Rxd1 cxd1=Q
) 48... Bg4 $19 49. Qe3 49... c1=Q $1 50. Qxc1 $4 (50. Rxd1 $142 50... Qxe3+
51. Rxe3 Bxd1 52. Re8 $19) 50... Qf3+ (50... Qf3+ 51. Kh2 Qf2+ 52. Kh1 Bf3#)
0-1

[Event "Bad Woerishofen op"]
[Site "Bad Woerishofen"]
[Date "2001.??.??"]
[Round "8"]
[White "Stumpf, Heinz"]
[Black "Lindenmair, Anton"]
[Result "0-1"]
[WhiteElo "2245"]
[BlackElo "2105"]
[Annotator "ChessOrg"]
[PlyCount "94"]
[EventDate "1998.03.05"]
[Source "ChessBase"]
[SourceDate "1998.04.29"]

1. d4 {D00: Damenbauernspiele} 1... Nf6 2. Nf3 g6 3. Nc3 d5 4. Bf4 Bg7 5. e3
O-O 6. Be2 c5 7. Ne5 Nc6 8. O-O Bf5 9. Qd2 {letzter Buchzug} 9... cxd4 10. exd4
Rc8 11. Bf3 Ne4 12. Bxe4 dxe4 13. Nxc6 Rxc6 14. Rfd1 Bg4 15. Ne2 Qb6 16. c3 Qb5
17. Kf1 (17. Re1 17... f5 $14) 17... g5 18. Be3 f5 19. a4 (19. Bxg5 $143 19...
f4 20. Bxf4 Rxf4 21. Qxf4 Bxe2+ 22. Kg1 Bxd1 23. Rxd1 Qxb2 24. Qxe4 24... Rf6
$17) 19... Qa6 (19... Bxe2+ 20. Qxe2 Qxe2+ 21. Kxe2 $11) 20. Bxg5 f4 21. f3 (
21. h3 $5 21... Bh5 22. Ke1 $11) 21... exf3 $15 22. gxf3 Bxf3 23. Kf2 (23. Bxe7
$2 23... Rf7 24. Qd3 Bxe2+ 25. Qxe2 Qxe2+ 26. Kxe2 Rxe7+ 27. Kf3 27... Rh6 $19)
23... Bh5 24. Rg1 Re6 25. Rae1 (25. Nxf4 $4 25... Re2+ 26. Kg3 26... Rxd2 $19)
25... Qc6 (25... h6 26. Bh4 Re3 27. Nc1 $19) 26. d5 $11 26... Qc5+ 27. Kf1 (27.
Nd4 27... Re3 $1 28. Rg2 Rxe1 29. Qxe1 Bxd4+ 30. cxd4 Qxd4+ 31. Kf1 Qc4+ 32.
Kg1 32... Bf3 $19) 27... Re3 (27... Rg6 28. Nc1 28... Rf5 $19) 28. Bh4 $17 (28.
Nxf4 Qc4+ 29. Re2 Rxe2 30. Qd4 Bxd4 31. Bf6+ Bxg1 32. Nxe2 Be3 33. Kg2 Qxe2+
34. Kg3 Qg4#) 28... Qc4 (28... e5 29. Bf2 Qc4 30. d6 $19) 29. b3 $2 (29. Rxg7+
Kxg7 30. Qd4+ Qxd4 31. Nxd4 31... Rf7 $17) 29... Qa6 (29... Qxb3 $5 30. Qd4
30... Bg6 $19) 30. c4 Rf3+ (30... Rxb3 31. Rxg7+ 31... Kxg7 $19) 31. Bf2 $11
31... Qf6 $4 (31... Rxb3 32. Rxg7+ 32... Kxg7 $19) 32. Qd4 (32. Nd4 Qh4 33.
Rxg7+ (33. Nxf3 $6 33... Qh3+ 34. Rg2 Bxf3 35. Bxa7 35... Rf7 $14) 33... Kxg7
34. Nxf3 Qh3+ 35. Kg1 Bxf3 36. Rxe7+ (36. Bxa7 Rg8 37. Rd1 Kf8+ 38. Kf2 Rg2+
39. Ke1 Qxh2 40. Qxg2 40... Qxg2 $19) 36... Kg6 37. Re6+ (37. Bxa7 Rf5 38. Re6+
38... Kf7 $19) 37... Kf5 38. Qc2+ (38. Bxa7 Rg8+ 39. Rg6 Rxg6+ 40. Kf2 Qxh2+
41. Kf1 Qxd2 42. c5 Qe2#) 38... Kg5 39. Re5+ (39. Bxa7 Rg8 40. Re2 Kh5+ 41. Kf2
Rg2+ 42. Ke1 Rxe2+ (42... Bxe2 $6 43. Qxh7+ Kg4 44. Qd7+ Kh4 45. Bf2+ Rxf2 46.
Qxh3+ Kxh3 47. Kxf2 $14) 43. Qxe2 Bxe2 44. Kxe2 44... Qxb3 $19) 39... Kf6 40.
Rf5+ Qxf5 41. Qc3+ Ke7 42. Bc5+ Kd8 43. Qxf3 Rg8+ 44. Kf1 Qb1+ 45. Ke2 Re8+ 46.
Kd2 Qb2+ 47. Kd1 Qxh2 48. Bf2 $17) 32... Rxb3 $11 33. Qxf6 (33. Qxa7 Qf5 34.
Rg2 f3 35. Rxg7+ Kxg7 36. Qd4+ 36... Kg8 $19) 33... Rxf6 34. Nd4 Rbb6 (34...
Rb2 35. Ne6 Bg6 36. Nxg7 Bd3+ 37. Kg2 Bxc4 38. Rxe7 Rg6+ 39. Kh3 Rxf2 40. Rxg6
hxg6 41. d6 $17) 35. Rxe7 (35. a5 35... Rb2 $14) 35... Bg6 (35... Rb1+ 36. Re1
Rxe1+ 37. Kxe1 $14) 36. Nb5 $14 36... a6 $2 (36... Bf8 37. Rd7 Ra6 38. Rxb7
38... Rxa4 $11) 37. Bxb6 $18 37... Rxb6 38. d6 (38. a5 $5 38... Bd3+ 39. Kf2
Rg6 40. Rxg6 40... hxg6 $18) 38... Bf6 39. Re6 (39. c5 $142 39... Bxe7 40. cxb6
$18 (40. dxe7 $6 40... Re6 41. Nd6 41... Rxe7 $15)) 39... Kf7 $11 40. Nc7 Rb1+
(40... Rb2 41. Rxg6 hxg6 42. Re4 $14) 41. Kg2 $14 41... f3+ 42. Kh1 $4 42...
Rxg1+ 43. Kxg1 Bd4+ 44. Kh1 f2 45. Re7+ Kf8 (45... Kg8 46. Kg2 Bd3 47. Re8+ Kf7
48. Re7+ Kg6 49. Rg7+ Kxg7 50. Ne6+ Kf6 51. Nxd4 f1=Q+ 52. Kg3 Qe1+ 53. Kf3
Be4+ 54. Kg4 Qe3 55. h4 h5+ 56. Kxh5 Qf4 57. c5 Bg6#) 46. Ne6+ $2 (46. Kg2 $5
$142 46... Bd3 47. Ne6+ Kg8 48. Rg7+ Bxg7 49. Kxf2 $17) 46... Kg8 $19 47. d7 $4
(47. Kg2 Be4+ 48. Kg3 $19) 47... f1=Q# 0-1

[Event "Bad Woerishofen op"]
[Site "?"]
[Date "2001.??.??"]
[Round "1"]
[White "Taschner, Peter"]
[Black "Senff, Martin"]
[Result "1/2-1/2"]
[WhiteElo "2011"]
[BlackElo "2443"]
[Annotator "ChessOrg"]
[PlyCount "65"]
[EventDate "2000.??.??"]

1. e4 {B52: Sizilianisch (Rossolimo-Variante)} 1... c5 2. Nf3 d6 3. Bb5+ Bd7 4.
a4 Nf6 5. e5 dxe5 6. Nxe5 Bxb5 7. axb5 Qd5 8. Nf3 Qe4+ 9. Qe2 9... Qxe2+ {
letzter Buchzug} 10. Kxe2 e6 11. d3 Nbd7 12. Bd2 Bd6 13. Nc3 Nd5 14. Rhc1 Ke7 (
14... O-O 15. Re1 $11) 15. Ne4 Bf4 16. g3 Bxd2 17. Nexd2 Nc7 18. c4 a6 19. bxa6
Nxa6 20. d4 Nb4 21. Nb3 b6 22. Kd2 Kf6 23. Rd1 cxd4 24. Nfxd4 Rac8 25. Rdc1 Ne5
26. Ra4 Ned3 (26... Rxc4 $143 27. Rxc4 Nxc4+ 28. Ke2 $18) (26... Nxc4+ $143 27.
Ke2 Nd3 28. Rcxc4 (28. Raxc4 $6 28... Nxc1+ 29. Rxc1 Rxc1 30. Nxc1 30... Rc8
$11) 28... Nxb2 29. Rxc8 Rxc8 30. Rb4 $16) 27. Rc3 e5 28. Nc2 Rcd8 29. Ke2 Nxc2
30. Rxc2 Rd6 31. Nd2 Nc5 32. Ra7 Kg6 33. Nf3 1/2-1/2

[Event "Bad Woerishofen op"]
[Site "Bad Woerishofen"]
[Date "2001.??.??"]
[Round "3"]
[White "Taschner, Peter"]
[Black "Ballon, Guenter Jan"]
[Result "0-1"]
[WhiteElo "2001"]
[BlackElo "2233"]
[Annotator "ChessOrg"]
[PlyCount "150"]
[EventDate "1998.03.05"]
[Source "ChessBase"]
[SourceDate "1998.04.29"]

1. e4 {C47: Schottisches Vierspringerspiel} 1... e5 2. Nf3 Nc6 3. Nc3 Nf6 4. g3
d5 5. exd5 Nxd5 6. Bg2 Nxc3 7. bxc3 Bd6 8. d3 {letzter Buchzug} 8... O-O 9. Rb1
Rb8 10. Nd2 Bd7 11. O-O Qc8 12. Nb3 Bh3 13. Be3 Bxg2 14. Kxg2 b6 15. Qf3 Ne7
16. Nd2 f5 17. Bg5 Qe6 18. Bxe7 Bxe7 19. c4 Bg5 20. Rbd1 e4 21. dxe4 Bxd2 22.
Rxd2 fxe4 23. Qe2 Rbd8 24. Rfd1 Rxd2 25. Rxd2 h6 26. Rd4 Re8 27. h3 Kh7 28. c3
c6 29. Qc2 Kh8 30. Qe2 Qe7 31. h4 (31. Qe3 c5 32. Rd2 32... Qe6 $15) 31... e3
32. f3 Qa3 33. Rd3 Qxa2 (33... a6 $5 $15 $142) 34. Qxa2 $11 34... e2 35. Qxa7
e1=Q 36. Qd7 Qe2+ 37. Kh3 h5 38. Rd2 Qf1+ 39. Kh2 (39. Rg2 39... Rf8 $11) 39...
Re2+ $15 40. Rxe2 Qxe2+ 41. Kg1 Qxf3 42. Qe8+ Kh7 43. Qe1 Qd3 44. Kh2 (44. Qe5
$5 $11 $142) 44... Qxc4 $17 45. Qb1+ Kg8 46. Qxb6 Qxc3 47. Qb8+ Kh7 48. Qb1+
Kh6 49. Qf5 Qd2+ 50. Kh3 (50. Kg1 $5 50... Qd4+ 51. Kh2 $17) 50... Qd5 $19 51.
Qf4+ Kh7 52. Qf1 Qe4 53. Kh2 c5 54. Qd1 Qf5 55. Qe2 Qd5 56. Qc2+ Kg8 57. Qg6 c4
58. Qe8+ Kh7 59. Qe2 Kh6 60. Qe3+ Kg6 61. Qe8+ Kf6 62. Qf8+ Kg6 (62... Ke5 63.
Qxg7+ Ke4 64. Qg6+ Qf5 65. Qc6+ Kd3 66. Qd6+ Ke2 67. Qa6 $17) 63. Qe8+ Kf6 (
63... Qf7 64. Qe4+ Kh6 65. Kg2 $17) 64. Qf8+ Ke5 65. Qxg7+ Ke4 66. Qc3 Qd3 67.
Qe1+ (67. Qb2 $5 $17) 67... Kf3 $19 68. Qh1+ Ke2 (68... Kg4 69. Qg2 c3 70. Qh3+
Kf3 71. Qg2+ Ke3 72. Qg1+ 72... Kd2 $19) 69. Qg1 $2 (69. g4 $17 $142) 69... c3
70. Qg2+ Kd1 71. Qg1+ Kd2 72. Kh3 c2 73. Qf2+ Kd1 74. Qg1+ Ke2 75. Qg2+ (75.
Qc5 Qd7+ 76. Kg2 Qd2 77. Qxh5+ Ke3+ 78. Kh3 c1=Q 79. Qe5+ Kf2 80. Qf6+ Kg1 81.
Qb6+ Qf2 82. Qxf2+ 82... Kxf2 $19) 75... Ke1 (75... Ke1 76. Qc6 Qf1+ 77. Kh2
Qe2+ 78. Kh3 Qg4+ 79. Kg2 Qd1 80. Qc3+ Qd2+ 81. Qxd2+ 81... Kxd2 $19) 0-1

[Event "Bad Woerishofen op"]
[Site "Bad Woerishofen"]
[Date "2001.??.??"]
[Round "6"]
[White "Taschner, Peter"]
[Black "Stippekohl, Peter"]
[Result "1/2-1/2"]
[WhiteElo "2011"]
[BlackElo "2195"]
[Annotator "ChessOrg"]
[PlyCount "87"]
[EventDate "1998.03.05"]
[Source "ChessBase"]
[SourceDate "1998.04.29"]

1. e4 {B12: Caro-Kann (Vorstoss-Variante)} 1... c6 2. d4 d5 3. e5 Bf5 4. Nf3 e6
5. Be2 c5 6. O-O Nc6 7. c3 cxd4 8. cxd4 Nge7 9. Nh4 {letzter Buchzug} 9... Bg6
(9... Qb6 $5 $17 $142) 10. Be3 Nf5 11. Nxf5 Bxf5 (11... exf5 $143 12. Bf3 $16)
12. Bd3 Bxd3 13. Qxd3 Be7 14. a3 O-O 15. b4 a5 (15... Rc8 16. Nd2 $11) 16. b5
$14 16... Na7 17. Nc3 Qb6 18. Rfb1 Rfc8 19. Na4 Qd8 20. Rb3 (20. Rc1 Rxc1+ 21.
Rxc1 21... Rc8 $11) 20... b6 (20... Rc4 21. b6 Rxa4 22. bxa7 Rxa7 23. Rc3 $15)
21. g3 (21. Rc3 $5 $11) 21... Rc4 $17 22. Nb2 (22. Nc3 a4 23. Rbb1 23... Qd7
$17) 22... Rc7 (22... a4 $5 $142 23. Rc3 Rxc3 24. Qxc3 24... Nxb5 $19) 23. Rc1
Rac8 24. Rxc7 Qxc7 25. Na4 Bd8 26. Rc3 Qd7 27. Rxc8 Qxc8 28. Nb2 Qc7 29. Bd2
Be7 30. a4 f6 (30... Bb4 31. Kg2 $11) 31. f4 fxe5 32. fxe5 Nc8 33. Kf2 Bf8 34.
Ke2 Qf7 35. Qf3 Qg6 (35... Qxf3+ 36. Kxf3 Ne7 37. g4 $11) 36. Nd3 $14 36... Ne7
37. g4 Qe8 38. Nf4 Ng6 39. Ng2 Bb4 40. Bg5 Qc8 41. Qd3 Nh8 42. Kd1 Nf7 43. Be3
g6 44. Qc2 1/2-1/2

[Event "Bad Woerishofen op"]
[Site "Bad Woerishofen"]
[Date "2001.??.??"]
[Round "8"]
[White "Taschner, Peter"]
[Black "Mauss, Ernst"]
[Result "0-1"]
[WhiteElo "2011"]
[BlackElo "1793"]
[Annotator "ChessOrg"]
[PlyCount "58"]
[EventDate "1998.03.05"]
[Source "ChessBase"]
[SourceDate "1998.04.29"]

1. e4 {B12: Caro-Kann (Vorstoss-Variante)} 1... c6 2. d4 d5 3. e5 Bf5 4. Be2 h6
5. Nf3 e6 6. c3 Nd7 7. O-O Ne7 8. Nbd2 c5 9. Ne1 {letzter Buchzug} 9... cxd4
10. cxd4 Nc6 11. Ndf3 Be7 12. Bd3 Bxd3 13. Nxd3 O-O 14. Be3 f6 (14... Rc8 $5
$11 $142) 15. Nf4 $16 15... Kf7 16. Qd3 f5 17. g3 (17. Rfc1 g5 18. Ne2 18...
Rc8 $11) 17... g5 18. Ng2 Nb4 19. Qd2 Rc8 20. Rfc1 Nc6 21. h3 Rh8 22. Nh2 Qg8
23. Qe2 Qg6 24. Kf1 h5 25. Nf3 h4 (25... g4 $142 26. Ng1 26... Kg7 $11) 26. g4
$4 (26. gxh4 $142 26... g4 27. hxg4 fxg4 28. Nh2 $14) 26... fxg4 $19 27. Ng1
gxh3 28. Nxh3 (28. Qf3+ Qf5 29. Qxf5+ exf5 30. Nxh3 $19) 28... Qf5 29. Ng1 (29.
Nxg5+ Bxg5 30. Bxg5 30... Rcg8 $19) 29... h3 (29... h3 30. Nxh3 30... Rxh3 $19)
0-1

[Event "Bad Woerishofen op"]
[Site "?"]
[Date "2001.??.??"]
[Round "1"]
[White "Taufratshofer, Martin"]
[Black "Schenfeld, Waldemar"]
[Result "1-0"]
[WhiteElo "2093"]
[BlackElo "1431"]
[Annotator "ChessOrg"]
[PlyCount "55"]
[EventDate "2000.??.??"]

1. Nf3 {A09: Reti-Eroeffnung} 1... d5 2. c4 Nf6 3. e3 Bg4 4. Be2 Nbd7 5. b3 e6
6. Bb2 6... Be7 {letzter Buchzug} 7. O-O c5 8. Nc3 O-O 9. cxd5 exd5 10. d4 Rc8
11. dxc5 Nxc5 12. Nd4 Bxe2 13. Qxe2 Nce4 14. Rfc1 Nxc3 15. Bxc3 Ne4 16. Bb2
16... Qa5 $2 (16... Qd7 17. f3 Nd6 18. Qd3 $11) 17. f3 (17. Rxc8 $5 $142 17...
Rxc8 18. Qg4 $18) 17... Nf6 (17... Nd6 18. a3 $11) 18. Nf5 $16 18... Rxc1+ 19.
Rxc1 Ba3 20. g4 h6 21. h4 Kh7 22. g5 hxg5 23. hxg5 Nh5 24. Kf2 24... Re8 $2 (
24... Bxb2 $142 25. Qxb2 d4 26. Nxd4 Qxg5 27. Qc2+ 27... Kg8 $14) 25. Rh1 $18
25... Kg6 $4 (25... g6 26. Ng7 Bxb2 27. Nxe8 27... Bh8 $18) 26. Qc2 Qc5 (26...
d4 27. Nd6+ Kxg5 28. Rg1+ Kf6 29. Nxe8+ Ke7 30. Bxa3+ Qxa3 31. exd4 Kxe8 32.
Qc8+ Ke7 33. Qc7+ Ke6 34. Re1+ Kf6 35. Qe5+ Kg6 36. Rg1+ Kh7 37. Qxh5+ 37...
Kg8 $18) 27. Ne7+ Kxg5 28. Qf5+ (28. Qf5+ Kh6 29. Rxh5#) 1-0